Arreglos florales / (Registro nro. 46272)

Detalles MARC
000 -LEADER
campo de control de longitud fija 01786cam a2200373 4500
003 - IDENTIFICADOR DE NÚMERO DE CONTROL
campo de control PE-LiUPU
005 - FECHA Y HORA DE LA ÚLTIMA TRANSACCIÓN
campo de control 20250731183421.0
020 ## - NÚMERO INTERNACIONAL ESTÁNDAR DEL LIBRO
Número Internacional Estándar del Libro 84718352304
035 ## - NÚMERO DE CONTROL DEL SISTEMA
Número de control de sistema (Sirsi) i84718352304
035 ## - NÚMERO DE CONTROL DEL SISTEMA
Número de control de sistema (Sirsi) 40007
035 ## - NÚMERO DE CONTROL DEL SISTEMA
Número de control de sistema (Sirsi) 40007
041 ## - CÓDIGO DE IDIOMA
Código de lengua del texto/banda sonora o título independiente es
044 ## - CÓDIGO DEL PAÍS DE LA ENTIDAD EDITORA/PRODUCTORA
Código MARC del país es
082 04 - NÚMERO DE LA CLASIFICACIÓN DECIMAL DEWEY
Número de clasificación 745.9
Cutter P92 4
100 1# - ENTRADA PRINCIPAL--NOMBRE DE PERSONA
Nombre de persona Pugés, Maite
Término indicativo de función/relación red.
245 10 - MENCIÓN DEL TÍTULO
Título Arreglos florales /
Mención de responsabilidad, etc. [redacción, Maite Pugès, Mayka Barciela ; traducción, Marta Tremoleda, Olga Puig].
264 #1 - PRODUCCIÓN, PUBLICACIÓN, DISTRIBUCIÓN, FABRICACIÓN Y COPYRIGHT
Producción, publicación, distribución, fabricación y copyright Barcelona :
Nombre del de productor, editor, distribuidor, fabricante Hymsa,
Fecha de producción, publicación, distribución, fabricación o copyright [2004]
300 ## - DESCRIPCIÓN FÍSICA
Extensión 96 páginas :
Otras características físicas ilustraciones ;
Dimensiones 29 cm.
505 0# - NOTA DE CONTENIDO CON FORMATO
Nota de contenido con formato Pot pourri -- Alegres costureros -- El cofre del tesoro -- Bonsai, sin problemas -- Rincones en la cocina -- Fantasía extravagante -- Arboles de flores secas -- Una idea original -- Fácil y elegante -- Dígalo con rosas -- Detalles: El baño -- Técnicas de secado -- Flores frágiles y eternas -- Diseños con flores prensadas -- Flores y labores -- Reflejos dorados -- Hortensias artificiales -- Flores luminosas -- Detalles para los niños -- Rosas de papel -- Velas con flores y perfumadas -- Detalles: Comedores.
526 ## - NOTA DE INFORMACIÓN SOBRE EL PROGRAMA DE ESTUDIO
Nombre del programa Maestría Bim Facility Management (A distancia)
526 ## - NOTA DE INFORMACIÓN SOBRE EL PROGRAMA DE ESTUDIO
Nombre del programa
526 ## - NOTA DE INFORMACIÓN SOBRE EL PROGRAMA DE ESTUDIO
Nombre del programa Educación musical y artes
526 ## - NOTA DE INFORMACIÓN SOBRE EL PROGRAMA DE ESTUDIO
Nombre del programa Educación, especialidad educación física
526 ## - NOTA DE INFORMACIÓN SOBRE EL PROGRAMA DE ESTUDIO
Nombre del programa Arquitectura
596 ## -
-- 1
650 17 - PUNTO DE ACCESO ADICIONAL DE MATERIA--TÉRMINO DE MATERIA
Término de materia o nombre geográfico como elemento de entrada Decoración floral
Fuente del encabezamiento o término embne
700 1# - ENTRADA AGREGADA--NOMBRE PERSONAL
Nombre de persona Barciela, Mayka
Término indicativo de función/relación red.
859 ## - INFORMACIÓN DE CONTROL LOCAL (RLIN)
-- 57155
-- 745.9
-- P92 4
942 ## - ELEMENTOS DE ENTRADA SECUNDARIOS (KOHA)
Fuente del sistema de clasificación o colocación Clasificación Decimal Dewey
Tipo de ítem Koha
949 ## - PROCESAMIENTO DE INFORMACIÓN LOCAL (OCLC)
a 745.9 P92 4
i 57155
l CCODEBUL1
m BUL
t LIBRO
o .STAFF. Colección General
910 ## - DATOS DE OPCIÓN DEL USUARIO (OCLC)
Datos de opción del usuario gl
-- jv
-- lch
-- 20070606
999 ## - NÚMEROS DE CONTROL DE SISTEMA (KOHA)
-- DEWEY
-- 57155
-- 2017-9-15
-- 2021-11-10
-- 7
-- CCODEBUL1
-- BUL
-- 1
-- 15.00
-- 0
-- Y
-- BOOK
-- 2015-6-25
-- INGENIERIA
-- AGB
-- COMPRA
-- .STAFF. Colección General
980 ## - EQUIVALENCIA O REFERENCIA-CRUZADA-MENCIÓN DE SERIE--NOMBRE DE PERSONA/TÍTULO [LOCAL, CANADÁ]
ID del último usuario que modificó el registro 1
Nombre del último usuario que modificó el registro ALBERTO SANCHEZ Responsable de Automatización
Existencias
Visto por última vez Número de inventario Total de préstamos Signatura topográfica completa Código de barras Fecha del último préstamo Copia número Coste, precio de reemplazo Fecha de reemplazo Facultad Tipo de ítem Koha Nota pública Estado de pérdida Fuente del sistema de clasificación o colocación Restricciones de uso No para préstamo Colección Programa académico Biblioteca de origen Biblioteca actual Ubicación en estantería Fecha de adquisición Fuente de adquisición Coste, precio normal de compra
2024-12-10 8 1 745.9 P92 4 57155 2017-09-15 e1 20.00 2015-06-25 FIA Libros físicos inventario-2023-12-13 No Perdido Clasificación Decimal Dewey No restringido Disponible para préstamos Colección General Arquitectura Biblioteca CRAI UPeU Lima Biblioteca CRAI UPeU Lima Sala principal 2015-06-25 COMPRA 15.00